Welcome to the Holygrace Academy Library

Please use search bar below to get started

BENEFACTORS OF MANKIND (Record no. 6447)

MARC details
000 -LEADER
fixed length control field 00291nam a22001337a 4500
082 ## - DEWEY DECIMAL CLASSIFICATION NUMBER
Classification number 920
Item number MUR/B
100 ## - MAIN ENTRY--AUTHOR NAME
Personal name KRISHNA,MURTHY Y
245 ## - TITLE STATEMENT
Title BENEFACTORS OF MANKIND
250 ## - EDITION STATEMENT
Edition statement FIRST
260 ## - PUBLICATION, DISTRIBUTION, ETC. (IMPRINT)
Place of publication CHENNAI
Name of publisher SURA BOOKS
Year of publication 2004
300 ## - PHYSICAL DESCRIPTION
Number of Pages 88
650 ## - SUBJECT ADDED ENTRY--TOPICAL TERM
Topical Term BIOGRAPHIES
Geographic subdivision CHENNAI
942 ## - ADDED ENTRY ELEMENTS (KOHA)
Koha item type Books
Holdings
Withdrawn status Lost status Collection code Home library Current library Shelving location Date acquired Source of acquisition Full call number Accession Number Koha item type
    Reference Main Library Main Library SHELF-17-L-BIOGRAPHIES & AUTOBIOGRAPHIES 18/11/2006 PURCHASE 920 MUR/B 03830 Books